[Event "POHÁR města Říčany 2022"]
[Site "Městské kulturní středisko U labutě"]
[Date "2022.08.28"]
[Round "3.30"]
[White "Petrun, Milan"]
[Black "Zemen, Pavel"]
[Result "1/2-1/2"]
[WhiteElo "1880"]
[BlackElo "1731"]
[PlyCount "0"]
[EventDate "2022.08.27"]

1. e4 c5 2. Nf3 Nc6 3. d4 cxd4 4. Nxd4 g6 5. c4 Bg7 6. Be3 Nf6 7. Nc3 Ng4
8. Qxg4 Nxd4 9. Qd1 e5 10. Be2 O-O 11. O-O a6 12. Rc1 d6 13. Qd2 Re8 14. Nd5 Be6
15. Bd3 Bxd5 16. cxd5 h5 17. Qb4 Qd7 18. f3 Rac8 19. a4 Kh7 20. Rc3 Rf8 21. Rfc1
Bh6 22. Bxh6 Kxh6 23. a5 Kh7 24. Qb6 Rxc3 25. bxc3 Rc8 26. Kf2 Rc5 27. c4 Rc7
28. Ke3 Kh6 29. h4 Qe7 30. g3 Rd7 31. Rf1 f5 32. f4 exf4+ 33. Rxf4 fxe4 34. Bxe4
Nf5+ 35. Kf3 Qe5 36. Bxf5 gxf5 37. Qe3 Kg6 38. Qd4 Kf6 39. Kg2 Rg7 40. Kh3 Rg5
41. Rf3 1/2-1/2

[Event "POHÁR města Říčany 2022"]
[Site "Městské kulturní středisko U labutě"]
[Date "2022.08.28"]
[Round "3.31"]
[White "Bednar, Milos"]
[Black "Jankovsky, Zbynek"]
[Result "1-0"]
[WhiteElo "1798"]
[BlackElo "1552"]
[PlyCount "0"]
[EventDate "2022.08.27"]

1. d4 e6 2. e4 b6 3. Bd3 Bb7 4. Bf4 Nf6 5. Nd2 d6 6. Ngf3 Nbd7 7. O-O Nh5
8. Be3 Be7 9. Ne1 g6 10. f4 f5 11. Nef3 O-O 12. e5 c5 13. exd6 Bxd6 14. Ne5 cxd4
15. Bxd4 Ndf6 16. Ndc4 Qc7 17. Qd2 Rad8 18. Nxd6 Qxd6 19. c3 Qc7 20. Rae1 Ne4
21. Qc1 Nhf6 22. a4 a5 23. Qe3 Nd5 24. Qe2 Nef6 25. Bb5 1-0

[Event "POHÁR města Říčany 2022"]
[Site "Městské kulturní středisko U labutě"]
[Date "2022.08.28"]
[Round "3.32"]
[White "Tichy, Tomas"]
[Black "Kovar, Jan"]
[Result "1-0"]
[WhiteElo "1535"]
[BlackElo "1798"]
[PlyCount "0"]
[EventDate "2022.08.27"]

1. e4 e6 2. d4 d5 3. Nd2 c5 4. Ngf3 cxd4 5. exd5 Qxd5 6. Bc4 Qd6 7. O-O Nf6
8. Nb3 Nc6 9. Nbxd4 Nxd4 10. Nxd4 a6 11. Bb3 Qd7 12. Re1 Bd6 13. Nf5 Bxh2+
14. Kh1 O-O 15. Nxg7 Rd8 16. Qf3 Kxg7 17. Bh6+ Kg6 18. c3 Nh5 19. Bc1 e5
20. Bc2+ f5 21. Qg4+ Kf6 22. Qg5+ 1-0

[Event "POHÁR města Říčany 2022"]
[Site "Městské kulturní středisko U labutě"]
[Date "2022.08.28"]
[Round "3.33"]
[White "Meca, Viktor"]
[Black "Strnadova, Monika"]
[Result "0-1"]
[WhiteElo "1796"]
[BlackElo "1564"]
[PlyCount "0"]
[EventDate "2022.08.27"]

1. e4 c5 2. Nf3 Nc6 3. d4 cxd4 4. Nxd4 g6 5. g3 Bg7 6. Be3 Nf6 7. Bg2 d5
8. Nxc6 bxc6 9. Nc3 Be6 10. O-O O-O 11. Qd2 Ng4 12. Bc5 d4 13. Ne2 Bc4 14. Rfd1
Bh6 15. Qe1 e5 16. Bxf8 Qxf8 17. h3 Nxf2 18. Rdb1 Be3 19. Kh2 Qh6 20. a4 d3
21. cxd3 Bxd3 22. Nc3 Rb8 23. b4 Ng4+ 24. Kh1 Bd2 25. Qg1 Bxc3 26. Rb3 Bxe4
27. Rxc3 Qxh3+ 0-1

[Event "POHÁR města Říčany 2022"]
[Site "Městské kulturní středisko U labutě"]
[Date "2022.08.28"]
[Round "3.34"]
[White "Sboev, Kirill"]
[Black "Siles, Jan"]
[Result "0-1"]
[WhiteElo "1522"]
[BlackElo "1780"]
[PlyCount "0"]
[EventDate "2022.08.27"]

1. d4 d5 2. c4 e6 3. Nc3 Nf6 4. Nf3 Be7 5. Bf4 O-O 6. e3 c5 7. cxd5 exd5 8. Bd3
Nc6 9. O-O Bg4 10. dxc5 Bxc5 11. h3 Be6 12. Re1 Qe7 13. Qe2 Rfd8 14. Na4 Bb6
15. Nxb6 axb6 16. a3 Nh5 17. Bh2 Qf6 18. g4 g6 19. gxh5 Bxh3 20. hxg6 hxg6
21. Rec1 Bg4 22. Bf4 Nd4 23. exd4 Qxf4 24. Qe5 Qxf3 25. Be2 Qf5 26. Qxf5 Bxf5
27. Bf3 Be6 28. Rc7 Rab8 29. Kg2 Rdc8 30. Rac1 Rxc7 31. Rxc7 Kf8 32. Kg3 Ke8
33. Bg4 Kd8 34. Rc3 Rc8 35. Rxc8+ Bxc8 36. Bxc8 Kxc8 37. Kf4 f6 38. b4 Kd7
39. b5 Ke6 40. Kg4 g5 41. f3 Kf7 42. Kf5 Ke7 43. Kg4 Ke6 44. f4 gxf4 45. Kxf4
Ke7 46. Kg4 Kf8 47. Kf5 Kf7 48. a4 Ke7 49. Kg4 Kf8 50. Kh5 Kg7 0-1

[Event "POHÁR města Říčany 2022"]
[Site "Městské kulturní středisko U labutě"]
[Date "2022.08.28"]
[Round "3.35"]
[White "Konvalinka, Vladislav"]
[Black "Mrazek, Adam"]
[Result "0-1"]
[WhiteElo "1764"]
[BlackElo "1546"]
[PlyCount "0"]
[EventDate "2022.08.27"]

1. d4 Nf6 2. c4 g6 3. g3 Bg7 4. Bg2 O-O 5. Nc3 d6 6. Nf3 Nbd7 7. O-O e5 8. h3
c6 9. e4 Re8 10. Re1 exd4 11. Nxd4 Nc5 12. b3 a5 13. Ba3 Qb6 14. Bb2 a4 15. Kh2
a3 16. Bc1 Ncxe4 17. Na4 Qa7 18. Be3 Qa5 19. Ne2 Bd7 20. Qc1 Rad8 21. Bb6 Qb4
22. Bxd8 Rxd8 23. Nec3 Nxf2 24. Qe3 Nh5 25. Rac1 Be5 26. Ne2 b5 27. cxb5 cxb5
28. Qxf2 bxa4 29. Rc4 Qd2 30. Bf3 Bxg3+ 31. Kg2 Bxf2 0-1

[Event "POHÁR města Říčany 2022"]
[Site "Městské kulturní středisko U labutě"]
[Date "2022.08.28"]
[Round "3.36"]
[White "Bara, Jan"]
[Black "Mach, Jan"]
[Result "1-0"]
[WhiteElo "1592"]
[BlackElo "1737"]
[PlyCount "0"]
[EventDate "2022.08.27"]

1. c4 Nf6 2. Nc3 g6 3. d4 Bg7 4. e4 d6 5. f4 O-O 6. Nf3 c5 7. d5 Re8 8. Be2 Na6
9. O-O Nh5 10. e5 Bh6 11. Ng5 Ng7 12. h4 e6 13. exd6 Qxd6 14. dxe6 Rd8 15. Nxf7
Qxd1 16. Nxh6+ Kf8 17. Rxd1 Bxe6 18. Be3 b6 19. g4 Nb4 20. Rac1 Rac8 21. a3 Nc6
22. f5 gxf5 23. Nxf5 Bxf5 24. gxf5 Re8 25. Bh6 Kg8 26. f6 Nd4 27. fxg7 Nxe2+
28. Nxe2 Rxe2 29. Rf1 1-0

[Event "POHÁR města Říčany 2022"]
[Site "Městské kulturní středisko U labutě"]
[Date "2022.08.28"]
[Round "3.37"]
[White "Koper, Stefan"]
[Black "Glasberger, Roman"]
[Result "1-0"]
[WhiteElo "1823"]
[BlackElo "1533"]
[PlyCount "0"]
[EventDate "2022.08.27"]

1. d4 d5 2. c4 e6 3. Nc3 Nf6 4. Bg5 Be7 5. cxd5 exd5 6. e3 h6 7. Bxf6 Bxf6
8. Nf3 c6 9. Bd3 Bg4 10. h3 Bxf3 11. Qxf3 Nd7 12. O-O O-O 13. b4 a6 14. Na4 Be7
15. Nc5 Nxc5 16. bxc5 b5 17. cxb6 Qxb6 18. Rac1 Rfd8 19. Qf5 g6 20. Qf4 Kg7
21. h4 c5 22. dxc5 Bxc5 23. Qe5+ Kg8 24. Qf4 Kg7 25. h5 Bd6 26. Qg4 Be5 27. hxg6
fxg6 28. Rb1 Qd6 29. Rb7+ Kh8 30. Bxg6 Rg8 31. Rh7# 1-0

[Event "POHÁR města Říčany 2022"]
[Site "Městské kulturní středisko U labutě"]
[Date "2022.08.28"]
[Round "3.38"]
[White "Kubice, Jakub"]
[Black "Hampel, Rudolf"]
[Result "1/2-1/2"]
[WhiteElo "1750"]
[BlackElo "1597"]
[PlyCount "0"]
[EventDate "2022.08.27"]

1. d4 Nf6 2. Nf3 g6 3. g3 Bg7 4. Bg2 c6 5. O-O O-O 6. b3 d5 7. c4 e6 8. Bb2
Nbd7 9. Nbd2 b6 10. Qc2 Bb7 11. e4 dxe4 12. Nxe4 Nxe4 13. Qxe4 Nf6 14. Qc2 Rc8
15. Rfd1 Qe7 16. Rd2 Rfd8 17. Rad1 Qc7 18. Ne5 Nd7 19. Nxd7 Rxd7 20. h4 Qd8
21. Qe4 Qe7 22. Qe3 Qf8 23. Rd3 c5 24. Bxb7 Rxb7 25. Qf3 Rd7 26. Ba3 Qe8
27. dxc5 Rxd3 28. Qxd3 bxc5 29. Qd7 Bd4 30. Qxe8+ Rxe8 31. Kg2 e5 32. Bc1 a5
33. Bd2 Ra8 34. a4 f5 35. Be3 Kf7 36. Bd2 Ke6 37. Rh1 h5 38. Re1 Kd6 39. Rb1 Kc6
40. Kf3 Kb6 41. Ke2 Rd8 42. Rd1 Kc6 43. Re1 1/2-1/2

[Event "POHÁR města Říčany 2022"]
[Site "Městské kulturní středisko U labutě"]
[Date "2022.08.28"]
[Round "3.39"]
[White "Pejrimovsky, Tadeas Rubel"]
[Black "Markina, Sofiia"]
[Result "1-0"]
[WhiteElo "1716"]
[BlackElo "1551"]
[PlyCount "0"]
[EventDate "2022.08.27"]

1. e4 c5 2. b4 cxb4 3. a3 bxa3 4. Bxa3 Nc6 5. d4 d6 6. c3 e6 7. f4 Be7 8. Nf3
Nf6 9. Bd3 O-O 10. O-O Qc7 11. Qc2 b6 12. Bc1 h6 13. e5 Nd5 14. Na3 dxe5
15. fxe5 Bb7 16. Bd2 a6 17. Qc1 Bxa3 18. Rxa3 b5 19. Nh4 Qe7 20. Nf3 Rac8
21. Qb2 Rb8 22. Raa1 Rfc8 23. Qb1 Na7 24. Qe1 Qc7 25. Qg3 Kh8 26. Qh3 Kg8
27. Qg4 Kh8 28. Qh5 Kg8 29. Nh4 f5 30. exf6 Nxf6 31. Qg6 Qf7 32. Rxf6 Qxf6
33. Qh7+ Kf8 34. Rf1 Qxf1+ 35. Kxf1 1-0

[Event "POHÁR města Říčany 2022"]
[Site "Městské kulturní středisko U labutě"]
[Date "2022.08.28"]
[Round "3.40"]
[White "Chernyy, Andrey"]
[Black "Hosova, Sandra"]
[Result "1-0"]
[WhiteElo "1534"]
[BlackElo "1708"]
[PlyCount "0"]
[EventDate "2022.08.27"]

1. e4 c5 2. Nf3 Nc6 3. Bb5 g6 4. Bxc6 bxc6 5. d3 Bg7 6. Nc3 Nf6 7. Be3 d6 8. h3
O-O 9. O-O Rb8 10. Rb1 Bb7 11. Qd2 Qc7 12. Rfe1 Rfe8 13. a3 Nd7 14. Bh6 d5
15. Bxg7 Kxg7 16. exd5 cxd5 17. d4 Nb6 18. Ne5 Ba6 19. Qf4 e6 20. dxc5 Nc4
21. b3 Nxa3 22. Rbc1 Re7 23. Qa4 Nb5 24. Qxa6 Nxc3 25. Nc6 Ree8 26. Nxb8 Rxb8
27. Qd6 Qxd6 28. cxd6 Rd8 29. Ra1 Rd7 30. Ra6 d4 31. Rea1 Nb5 32. R1a4 Nxd6
33. Rxa7 Rd8 34. Ra8 Rd7 35. R4a7 Rxa7 36. Rxa7 Kf6 37. f4 Kf5 38. Rd7 Nb5
39. Rxf7+ Ke4 40. Kf2 Na3 41. Rc7 Kxf4 42. b4 Ke5 43. c3 Nc2 44. cxd4+ Nxd4
45. Rxh7 Kd6 46. Rg7 1-0

[Event "POHÁR města Říčany 2022"]
[Site "Městské kulturní středisko U labutě"]
[Date "2022.08.28"]
[Round "3.41"]
[White "Pejrimovska, Viola Ruby"]
[Black "Kubicek, Daniel"]
[Result "1-0"]
[WhiteElo "1626"]
[BlackElo "1364"]
[PlyCount "0"]
[EventDate "2022.08.27"]

1. e4 e5 2. Nf3 Nc6 3. Nc3 Nf6 4. d4 exd4 5. Nd5 Bc5 6. Bf4 d6 7. Bd3 Be6
8. O-O Qd7 9. a3 O-O-O 10. b4 Bxd5 11. exd5 Nxd5 12. Bg5 f6 13. Bd2 Bb6 14. Be4
Nce7 15. a4 c5 16. b5 f5 17. Bd3 Bc7 18. Ng5 Rdf8 19. Re1 Rf6 20. a5 Bd8 21. a6
b6 22. Qf3 Kb8 23. Bc4 Nc3 24. Bf4 Nc8 25. Be6 Qc7 26. Bd5 Nxd5 27. Qxd5 h6
28. Ne6 Qd7 29. c3 dxc3 30. Rac1 c2 31. Rxc2 Re8 32. Rce2 g5 33. Nc7 Qxc7
34. Rxe8 gxf4 35. Rxd8 c4 36. Ree8 c3 37. Qa8+ Kxa8 38. Rxc8+ Qxc8 39. Rxc8# 1-0